| 000 | 00649nam a22002057a 4500 | ||
|---|---|---|---|
| 003 | 0 | ||
| 005 | 20231018093748.0 | ||
| 008 | 231018b xxu||||| |||| 00| 0 eng d | ||
| 020 | _a978-0170416030 | ||
| 050 |
_aHG 4521 _b.In58 2020 |
||
| 245 | _aInvestment analysis & portfolio management | ||
| 250 | _aFirst edition. | ||
| 260 |
_aAustralia _bCengage Learning Australia Ltd _cc2020. |
||
| 300 |
_axxvi,1033 pages : _bcol. ill. ; _c26 cm. |
||
| 500 | _aPortfolio management. | ||
| 504 | _aIncludes bibliographical references, glossary and index. | ||
| 650 | _aPortfolio management. | ||
| 650 | _aInvestment analysis. | ||
| 942 |
_2lcc _cBK |
||
| 999 |
_c365529 _d365529 |
||